000
00285nam a22001337a 4500
008
6b xxu||||| |||| 00| 0 eng d
020
_a
180220721616666
041
_a
eng
080
_a
61
100
_a
3
101
_a
SHM
245
_a
Textbook of medicine
_c
Beeson,P.B
942
_2
udc
_c
BK
999
_c
43523
_d
43523